| 000 | 01237nam a2200301 4500 | ||
|---|---|---|---|
| 003 | EC-UNACH | ||
| 005 | 20251217132702.0 | ||
| 006 | s||||gr|||| 00| 00 | ||
| 008 | 150116t9999 mx r gr 000 0 spa d | ||
| 020 | _a9978-43-895-5 | ||
| 040 |
_aEC-UNACH _cEC-UNACH |
||
| 041 | _aspa | ||
| 082 | 0 | 4 |
_223 _a633 _bL018515 |
| 110 | _aEditorial Abya-Yala | ||
| 245 | _aManejo del sistema de producción Papa-Leche en la Sierra Ecuatoriana | ||
| 250 | _aPrimera edición | ||
| 264 |
_aEcuador _bEditorial Abya-Yala _c2004 |
||
| 300 | _a195 | ||
| 505 | _a- Componente de producción de papa - El componente forrajero .pasto - Manejo del sistema de producción papa-leche en la sierra ecuatoriana alternativas tecnológicas -El componente animal: producción de leche y de carne - Experiencia del manejo del sistema papa-pasto en la ecorregión andina del Ecuador -Referencias bibliográficas -Anexos | ||
| 650 | _aZONAS PRODUCTORAS | ||
| 650 | _aZONA CENTRO | ||
| 650 | _aSIEMBRA | ||
| 700 | _aVíctor H. Barrera, Carlos U. León Velarde , Jorge E. Grijalva, Fernando H Chamorro | ||
| 942 |
_2ddc _c1 |
||
| 999 | _c14314 | ||